书目信息 |
| 题名: |
市政建筑
|
|
| 作者: | 芬特雷斯 著 ;皇甫伟 译 | |
| 分册: | ||
| 出版信息: | 大连 大连工学院出版社 2003.06 |
|
| 页数: | 224页 | |
| 开本: | 31cm | |
| 丛书名: | ||
| 单 册: | ||
| 中图分类: | TU243 | |
| 科图分类: | ||
| 主题词: | 行政建筑--xing zheng jian zhu--建筑设计--世界 | |
| 电子资源: | ||
| ISBN: | 7-5611-2208-X | |
| 000 | 00989nam0 2200253 450 | |
| 001 | 012007596245 | |
| 005 | 20070509104143.50 | |
| 010 | @a7-5611-2208-X@b精装@dCNY198.00 | |
| 100 | @a20070408d2003 km y0chiy0120 ea | |
| 101 | 1 | @achi@ceng |
| 102 | @aCN@b210000 | |
| 105 | @aa z 000yy | |
| 200 | 1 | @a市政建筑@Ashi zheng jian zhu@d= Civic builders@f(美) 柯蒂斯·W·芬特雷斯著@F(mei)ke di si·W·fen te lei si zhu@g皇甫伟译@Ghuang fu wei yi@zeng |
| 210 | @a大连@c大连工学院出版社@d2003.06 | |
| 215 | @a224页@c图@d31cm | |
| 306 | @a据美国John Wiley & Sons Ltd. 2002年英文版译出 | |
| 330 | @a《市政建筑》一书收入了世界各地的最近兴建并完成的市政建筑。本书同时收录了另外几位作家的宝贵观点,供读者参考。 | |
| 500 | 10 | @aCivic builders@mChinese |
| 606 | 0 | @a行政建筑@Axing zheng jian zhu@x建筑设计@y世界 |
| 690 | @aTU243@v4 | |
| 701 | 1 | @a芬特雷斯@Afen te lei si@g(Fentress, Curtis W.)@4著 |
| 702 | 0 | @a皇甫伟@Ahuang fu wei@4译 |
| 801 | 0 | @aCN@c20070509 |
| 905 | @a10447@dTU243@eF395 | |
| 市政建筑= Civic builders/(美) 柯蒂斯·W·芬特雷斯著/皇甫伟译.-大连:大连工学院出版社,2003.06 |
| 224页:图;31cm |
| ISBN 7-5611-2208-X(精装):CNY198.00 |
| 《市政建筑》一书收入了世界各地的最近兴建并完成的市政建筑。本书同时收录了另外几位作家的宝贵观点,供读者参考。 |
| ● |
| 相关链接 |
|
|
|
正题名:市政建筑
索取号:TU243/F395
 
预约/预借
| 序号 | 登录号 | 条形码 | 馆藏地/架位号 | 状态 | 备注 |
| 1 | 240059 | 202400598 | 建筑库101/101建筑库 68排1列3层/ [索取号:TU243/F395] | 在馆 | |
| 2 | 240060 | 202400605 | 建筑库101/101建筑库 68排1列3层/ [索取号:TU243/F395] | 在馆 |